Normal view
MARC view
- God (Islam)
Entry Topical Term
001 - CONTROL NUMBER
- control field: 130169
003 - CONTROL NUMBER IDENTIFIER
- control field: NUST
005 - DATE AND TIME OF LATEST TRANSACTION
- control field: 20250730114832.0
008 - FIXED-LENGTH DATA ELEMENTS
- fixed length control field: 250730|| aca||aabn | a|a d
040 ## - CATALOGING SOURCE
- Original cataloging agency: NUST
- Transcribing agency: NUST
150 ## - HEADING--TOPICAL TERM
- Topical term or geographic name entry element: God (Islam)
- General subdivision: Love
670 ## - SOURCE DATA FOUND
- Source citation: Work cat.: (NUST)614459: Maʼman, Ars̱ilān bin Aḵẖtar 130168, Allāh Taʻālā bandoṅ se kitnī muḥabbat karte hain /, 2003.
